Online
Catalog

Biografía militar del generalísimo doctor Rafael Leónidas Trujillo Molina : (Record no. 30201)

MARC details
000 -CABECERA
campo de control de longitud fija 01091nam a2200229 a 4500
001 - NÚMERO DE CONTROL
campo de control 000030709
005 - FECHA Y HORA DE LA ÚLTIMA TRANSACCIÓN
campo de control 20240409073642.0
008 - DATOS DE LONGITUD FIJA--INFORMACIÓN GENERAL
campo de control de longitud fija 110526t1956 dr ac 000 0bspa d
040 ## - FUENTE DE LA CATALOGACIÓN
Centro catalogador/agencia de origen DO-SdBNP
Lengua de catalogación spa
Centro/agencia transcriptor BNPHU
082 ## - NÚMERO DE LA CLASIFICACIÓN DECIMAL DEWEY
Número de clasificación 923.17293053
Número de documento/Ítem T866v
049 ## - FONDOS LOCALES (OCLC)
Fondos de biblioteca BNPD
100 1# - ENTRADA PRINCIPAL--NOMBRE DE PERSONA
Nombre de persona Vega y Pagán, Ernesto
9 (RLIN) 57173
245 10 - MENCIÓN DE TÍTULO
Título Biografía militar del generalísimo doctor Rafael Leónidas Trujillo Molina :
Resto del título benefactor de la patria y padre de la patria nueva, comandante en Jefe de las Fuerzas Armadas de la nación /
Mención de responsabilidad, etc. Ernesto Vega y Pagán ; prólogo Rafael A. Espaillat.
246 15 - FORMA VARIANTE DE TÍTULO
Título propio/Titulo breve Biografía militar del generalísimo Dr. Rafael L. Trujillo Molina
260 ## - PUBLICACIÓN, DISTRIBUCIÓN, ETC.
Lugar de publicación, distribución, etc. Ciudad Trujillo, República Dominicana :
Nombre del editor, distribuidor, etc. Atenas,
Fecha de publicación, distribución, etc. 1956.
300 ## - DESCRIPCIÓN FÍSICA
Extensión 155 p. :
Otras características físicas il., retrs. ;
Dimensiones 24 cm.
504 ## - NOTA DE BIBLIOGRAFÍA, ETC.
Nota de bibliografía, etc. Incluye bibliografía y notas al pie de páginas.
600 10 - PUNTO DE ACCESO ADICIONAL DE MATERIA--NOMBRE DE PERSONA
Nombre de persona Trujillo Molina, Rafael Leónidas,
Fechas asociadas al nombre 1891-1961
9 (RLIN) 76764
650 #4 - PUNTO DE ACCESO ADICIONAL DE MATERIA--TÉRMINO DE MATERIA
Término de materia o nombre geográfico como elemento de entrada Fuerzas armadas
Subdivisión general Actividad política
Subdivisión cronológica ERA DE TRUJILLO, 1930-1961
9 (RLIN) 57174
700 1# - PUNTO DE ACCESO ADICIONAL--NOMBRE DE PERSONA
Nombre de persona Espaillat, Rafael A.,
Término indicativo de función/relación pról.
9 (RLIN) 57176
910 ## - DATOS DE OPCIÓN DEL USUARIO (OCLC)
Datos de opción del usuario Validado. Control de calidad EMS.
Holdings
Estado de retiro Estado de pérdida Restricciones de uso No para préstamo Código de colección Localización permanente Ubicación/localización actual Ubicación en estantería Fecha de adquisición Número de inventario Total de préstamos Signatura topográfica completa Código de barras Fecha visto por última vez Precio válido a partir de Tipo de ítem Koha Nota pública Número de copia
      Excluido de préstamo Raros y valiosos Patrimonio Dominicano Patrimonio Dominicano Depósito 26.05.2011 LF1   923.17293053 T866v 30709-10 25.06.2020 25.06.2020 No se presta Perteneció a la biblioteca personal de Matinez Boog  
  Extraviado   Excluido de préstamo Raros y valiosos Patrimonio Dominicano Patrimonio Dominicano Extraviado 14.06.2011 LF1   923.17293053 T866v 30709-20 25.06.2020 25.06.2020 No se presta   e. 2

Powered by Koha